João e o Arco-Íris (Registo nº 3897)

Detalhes MARC
000 -Etiqueta do registo
Cabeçalho 00544cam a2200205 i 4500
005 - Identificador da versão
Campo de controlo 20240813122047.0
010 ## - Número internacional normalizado dos livros (ISBN)
Número (ISBN) 9727421482
021 ## - Número do Depósito Legal
Código do país PT
Número 175 939/02
100 ## - Dados gerais de processamento
Dados gerais de processamento 20101025d2001 c y0pory5003 ba
102 ## - Pais de publicação ou produção
País de publicação Portugal
101 0# - Língua de publicação
Língua do texto, banda sonora, etc. Português
215 ## - Descrição física 
Indicação específica da natureza do documento e extensão da espécie 20 p.
200 1# - Titulo e menção de responsabilidade
Título próprio João e o Arco-Íris
Primeira menção de responsabilidade Maria Lúcia Carvalhas
Outras menções de responsabilidade il. Raquel Pinheiro
210 ## - Publicação, Distribuição, etc. 
Lugar da edição, distribuição, etc. Lisboa
Nome do editor, distribuidor, etc. Ministério da Educação
Data da publicação, distribuição, etc. 2001
701 #1 - Nome de autor-pessoa física (co-responsabilidade principal)
Palavra de ordem Pinheiro
Outra parte do nome não tomada para palavra de ordem Raquel
Código de função Ilustrador / Técnico de desenho computorizado
700 #1 - Nome de autor-pessoa física (responsabilidade principal)
Número de registo de entrada de autoridade 0000360
Palavra de ordem Carvalhas
Outra parte do nome não tomada para palavra de ordem Maria Lúcia
942 ## - Elementos de entrada adicionados (Koha)
Tipo de item no Koha Livro
Exemplares
Situação do levantamento Origin of item (home branch) (coded) Biblioteca de empréstimo Código de barras Cota Circulation type (not for loan) Tipo de documento Nota do exemplar Damaged status
  Biblioteca Escolar das Vendas Biblioteca Escolar das Vendas BEV905 8POR CAR   Livro Sem mensagem